United States of America - Statistics

General Stats
  • This quiz has been taken 47 times
  • The average score is 16 of 22
Answer Stats
Hint Answer % Correct
Main Political Parties Democratic | Republican
100%
First President of the United States of America George Washington
100%
American version of a trained person in space Astronaut
91%
War fought over slavery Civil War
89%
Most spoken languages English | Spanish
89%
First man on the moon Neil Armstrong
89%
Number of states 50
87%
"Big Three" News Channels FOX | CNN | MSNBC
87%
Intelligence Agency for foreign operations CIA
84%
Adversary in the Cold War Soviet Union
80%
Year which gained independence 1776
76%
Country invaded in 2001 Afghanistan
73%
Deployed nukes on this Empire since they wanted to show the Soviet Union what they are capable of Japan
71%
Branches of government Executive | Legislative | Judicial
64%
Only president that won four terms Franklin Delano Roosevelt | FDR
64%
Country invaded in 1965 Vietnam
64%
Most important export Oil
58%
Country which gained independence from Great Britain
53%
Military alliance that used Nazis when it was formed NATO
42%
Name of the American Army The U.S. Army
42%
Legalized occupant in USA U.S. Citizen | Citizen
31%
Country invaded with aid from the military alliance above in 2011 Libya
24%
No matching quizzes found
Score Distribution
Percent of People with Each Score
Percentile by Number Answered
Your Score History
You have not taken this quiz